000
00301nam a22001337a 4500
003
OSt
005
20250620102543.0
007
64 PAGES
008
250620b |||||||| |||| 00| 0 eng d
040
_c
245
_a
IS/IEC 60479-1:2018
_c
B.I.S
260
_b
INDIAN STANDARDS
_c
2021
942
_2
ddc
_c
RB
_n
0
999
_c
36231
_d
36231